00809 a2200181 4500020001500000040001300015082001500028245007300043260004900116300007500165500003000240650002900270710002700299942002800326999001500354952012900369952012900498 a0735610177 aDLCbDLC00a005.71376900aMicrosoft Exchange 2000 Server resource kit cMicrosoft Corporation. aNew Delhi :bPrentice-Hall of India,cc2000. ali, 1057 p. :bill. ;c23 cm. +e1 computer optical disc (4 3/4 in.) aIndian Print : 8120318277 0aClient/server computing.2 aMicrosoft Corporation. cBKk005.713769 MIC2ddc c6378d6378 001040708NFICaCLbCLcGENd2001-07-21ePak Americang1790.00l0o005.713769 MICpSEECS001087r2012-11-14w2017-01-05yBK 001040708NFICaCLbCLcGENd2001-07-21ePak Americang1790.00l0o005.713769 MICpSEECS001086r2012-11-14w2017-01-05yBK